Statistiques concernant Culture Générale - Série 1447

Cliquez ici pour prendre le quiz!

Statistiques générales

  • Ce quiz a été pris 51 fois
  • Le résultat moyen est 5 sur 10

Statistiques - réponses

Question Réponse % Correct
Sur la route, une bosse de ralentissement est appelé un dos...d'âne
96%
Comment appelle-t-on l'ensemble des os constituant la charpente du corps humain ?squelette
94%
Quelle fleur a été baptisée "Louis de Funès", en hommage au comédien ?rose
81%
Familièrement, quel moyen de locomotion est le zinc ?avion
63%
En juin 1997, quel boxeur a croqué l'oreille d'Evander Holyfield lors d'un combat poids lourds ?Mike Tyson
52%
Sur son album "Jambalya", avec quel chanteur Eddy Mitchell interprète-t-il la chanson "On veut des légendes" ?Johnny Hallyday
40%
Dans quel état des Etats Unis se trouve "Le grand lac salé" ?Utah
29%
Comment nomme-t-on les paysans du sud-ouest de la France qui se révoltèrent aux XVIe et XVIIe siècles ?croquants
21%
Quel compositeur français a écrit, en 1839, la symphonie “Roméo et Juliette”, d'après Shakespeare ?Hector Berlioz
13%
En France, quel nom porte le bonnet porté par les magistrats de la Cour de cassation ?mortier
0%

Distribution des résultats

Percentile par nombre de réponses

% des personnes avec chaque résultat

Votre développement - résultats

Vous n’avez pas pris ce quiz